| 000 | 00443nam a2200181 a 4500 | ||
|---|---|---|---|
| 003 | DLC | ||
| 005 | 20210219152716.0 | ||
| 022 | _a0186-3673 | ||
| 035 | _aUPN01000059340 | ||
| 049 | _aAcervo histórico | ||
| 245 | 0 | 0 | _aALIENTO |
| 260 |
_aDistrito Federal, México : _bSecretaría de Educación Pública, _c1966 |
||
| 310 | _aMensual | ||
| 362 | 0 | _a1966 (1,2,3) | |
| 362 | 0 | _a1967 (4,5,6,7-8,9-10) | |
| 905 | _aRevista | ||
| 999 |
_c59335 _d59335 |
||